| 000 | 00358nam a2200133Ia 4500 | ||
|---|---|---|---|
| 008 | 160227s9999 xx 000 0 und d | ||
| 100 | _aMaclean, M. | ||
| 245 | _aRaspberry Pi: Measure, Record, Explore / | ||
| 245 | _cM. Maclean. | ||
| 260 | _bLeanpub. | ||
| 260 | _c2015 | ||
| 650 | _xInformation Technology. | ||
| 856 | _uhttps://leanpub.com/RPiMRE/read | ||
| 999 |
_c291021 _d291021 |
||